Trastornos psicosomáticos en la infancia / (Registro nro. 11780)

Detalles MARC
000 -LIDER
fixed length control field 01119nam a22003137a 4500
001 - NÚMERO DE CONTROL
Identificador de número de control 0011720
003 - IDENTIFICACDOR DE NÚMERO DE CONTROL
control field DO-SdBNP
005 - DATE AND TIME OF LATEST TRANSACTION
control field 20171110100150.0
007 - CAMPOS FIJOS DE DESCRIPCIÓN FÍSICA
fixed length control field 0011720
008 - ELEMENTOS DE LONGITUD FIJA
fixed length control field 161104b 1991 sp||||| |||| 00| 0 spa d
020 ## - ISBN
International Standard Book Number 8478690492
040 ## - FUENTE DE CATALOGACIÓN
Agencia que crea de manera original el registro BPMSU
Idioma de catalogación spa
Agencia que realiza la transcripción BPMSU
082 #4 - NÚMERO DE CLASIFICACIÓN DECIMAL DE DEWEY
Classification number 618.92
Item number D542t
100 1# - ASIENTO PRINCIPAL -- NOMBRE PERSONAL
Nombre personal Díaz Curiel, Juan
245 1# - MENCIÓN DE TITULO
Título Trastornos psicosomáticos en la infancia /
Mención de responsabilidad Juan Díaz Curiel ; con la colaboración de Ana Alvaréz Cienfuegos ... [et al.] ; prólogo José Rallo Romero
260 0# - PUBLICACIÓN, DISTRIBUCIÓN, ETC. (PIE DE IMPRENTA)
Lugar de publicación, distribución, etc Madrid :
Nombre del editor, distribuidor, etc. Ciencias de la Educación Preescolar y Especial,
Fecha de publicación, distribución, etc 1991.
300 ## - DESCRIPCIÓN FÍSICA
Extensión 214 p. :
Otros detalles físicos il.,
Dimensiones 24 cm.
490 1# - MENCIÓN DE SERIES
Mención de serie Salud mental infantil ;
Volume/sequential designation 1
500 ## - NOTA GENERAL
Nota general Incluye bibliografía en el final de los capítulos
650 #4 - ENCABEZAMIENTO DE MATERIA--TEMÁTICO
Término temático o nombre geográfico como elemento de entrada TRASTORNOS PSICOFISIOLÓGICOS
650 #4 - ENCABEZAMIENTO DE MATERIA--TEMÁTICO
Término temático o nombre geográfico como elemento de entrada DESARROLLO INFANTIL
700 12 - ASIENTO SECUNDARIO -- NOMBRE PERSONAL
Nombre personal Rallo Romero, José,
Mención de responsabilidad pról.
700 12 - ASIENTO SECUNDARIO -- NOMBRE PERSONAL
Nombre personal Alvaréz Cienfuegos, Ana
Mención de responsabilidad colab.
830 #0 - ASIENTO SECUNDARIO DE SERIE--TÍTULO UNIFORME
Título uniforme Salud mental infantil ;
Número de la parte o sección de una obra 1
910 ## - VALIDACIÓN
Validación Validado. Control de calidad MFF
942 ## - ADDED ENTRY ELEMENTS (KOHA)
Source of classification or shelving scheme Dewey Decimal Classification
Koha item type Libros
945 ## - INFORMACIÓN DE PROCESAMIENTO LOCAL
Información de procesamiento local Invetariado extranjero / 2017 VM
956 ## - LOCAL ELECTRONIC LOCATION AND ACCESS (OCLC)
Nombre de host BTAVÁREZ
Número de acceso 10
Información de compresión 20161104
Trayectoria 0011720
Existencias
Withdrawn status Lost status Source of classification or shelving scheme Damaged status Not for loan Collection code Home library Current library Date acquired Source of acquisition Total Checkouts Full call number Barcode Date last seen Price effective from Koha item type
    Dewey Decimal Classification     Colección General Biblioteca Pública Metropolitana Salomé Ureña Biblioteca Pública Metropolitana Salomé Ureña 11/04/2016 Donado Fundación Economía y Desarrollo   618.92 D542t BPMSU16110064 11/04/2016 11/04/2016 Libros